[Event "Mittelfr. EM 2017 - Nebenturnier"]
[Site "Uttenreuth"]
[Date "2017.04.12"]
[Round "1.1"]
[White "Luther, Helmut"]
[Black "Grasser, Stefan"]
[Result "1-0"]
[WhiteElo "2006"]
[BlackElo "1755"]
[PlyCount "171"]
[EventDate "2017.??.??"]
[WhiteTeam "SC Schwarz-Weiß Nürnberg Süd e.V"]
[BlackTeam "Spvg Zabo-Eintracht Nürnberg e.V"]

1. d4 b5 2. Nf3 Bb7 3. g3 Nf6 4. Bg2 e6 5. O-O Be7 6. Re1 d6 7. a4 a6 8. Nbd2
Ne4 9. Nxe4 Bxe4 10. axb5 axb5 11. Rxa8 Bxa8 12. e4 Nd7 13. Qe2 c6 14. Nd2 O-O
15. e5 Qb6 16. Nb3 c5 17. exd6 Bxd6 18. Bxa8 Rxa8 19. dxc5 Bxc5 20. Nxc5 Qxc5
21. Be3 Qc6 22. Bd4 Nf8 23. Qg4 Ng6 24. h4 e5 25. Bc3 Ra4 26. Qd1 f6 27. Qd8+
Nf8 28. Qd2 Ne6 29. Rd1 Nd4 30. Bxd4 Rxd4 31. Qe2 Qc4 32. Rd2 Kf8 33. b3 Qxe2
34. Rxe2 Kf7 35. Kf1 Rd5 36. Ke1 g6 37. Rd2 Ke6 38. c3 f5 39. Ra2 h6 40. Ke2 g5
41. Ra6+ Rd6 42. Rxd6+ Kxd6 43. h5 Kd5 44. f3 e4 45. Ke3 exf3 46. Kxf3 Ke5 47.
Ke3 Kd5 48. Kd3 Kc5 49. c4 bxc4+ 50. bxc4 f4 51. gxf4 g4 52. f5 g3 53. f6 g2
54. f7 g1=Q 55. f8=Q+ Kc6 56. Qxh6+ Kb7 57. Qh7+ Kc8 58. Qf5+ Kb7 59. Qd5+ Kc8
60. Qf5+ Kc7 61. Qe5+ Kb7 62. Ke4 Qg2+ 63. Kf5 Qf3+ 64. Kg5 Qg2+ 65. Kf6 Qf3+
66. Ke7 Qa3+ 67. c5 Kc6 68. Qd6+ Kb5 69. c6 Qe3+ 70. Qe6 Qg5+ 71. Kd6 Qd8+ 72.
Qd7 Qf6+ 73. Kc7 Qe5+ 74. Kb7 Qe4 75. h6 Kc5 76. h7 Qb4+ 77. Kc8 Qa4 78. Qf5+
Kd6 79. Qf6+ Kc5 80. h8=Q Qa6+ 81. Kd7 Qa7+ 82. Ke6 Qa2+ 83. Ke7 Qa7+ 84. Kf8
Qb8+ 85. Kf7 Qb3+ 86. Kg6 1-0

[Event "Mittelfr. EM 2017 - Nebenturnier"]
[Site "Uttenreuth"]
[Date "2017.04.12"]
[Round "1.3"]
[White "Holl, Manfred"]
[Black "Walter, Manfred"]
[Result "0-1"]
[WhiteElo "2109"]
[BlackElo "1800"]
[PlyCount "58"]
[EventDate "2017.??.??"]
[WhiteTeam "SGem Eckental"]
[BlackTeam "SV Lauf a.d.P."]

1. e4 d6 2. d4 Nf6 3. Nc3 Nbd7 4. Nf3 e5 5. Bc4 Be7 6. Be3 c6 7. a4 b6 8. h4
O-O 9. Qe2 Bb7 10. Rd1 Qc7 11. dxe5 dxe5 12. h5 Bb4 13. Bd2 Rad8 14. Nh4 Nc5
15. f3 Rd7 16. g4 Rfd8 17. Nb1 Bxd2+ 18. Rxd2 Nxa4 19. Rxd7 Qxd7 20. b3 Nb2 21.
Kf2 Qd4+ 22. Kg3 Nxc4 23. Nf5 Qc5 24. bxc4 Bc8 25. g5 Ne8 26. Ne3 Be6 27. Nd2
Qe7 28. f4 exf4+ 29. Kxf4 Qd6+ 0-1

[Event "Mittelfr. EM 2017 - Nebenturnier"]
[Site "Uttenreuth"]
[Date "2017.04.12"]
[Round "1.4"]
[White "Friedrich, Michael"]
[Black "Müller, Lothar"]
[Result "0-1"]
[WhiteElo "1541"]
[BlackElo "1857"]
[PlyCount "52"]
[EventDate "2017.??.??"]
[WhiteTeam "SC Erlangen 48/88"]
[BlackTeam "SK Neumarkt e.V."]

1. e4 c5 2. f4 Nc6 3. Nf3 g6 4. Bc4 e6 5. O-O Bg7 6. c3 Nge7 7. d4 cxd4 8. cxd4
Qb6 9. e5 Nf5 10. Nc3 Ncxd4 11. Kh1 d5 12. Nxd4 Qxd4 13. Bb5+ Bd7 14. Qb3 Qb6
15. Bxd7+ Kxd7 16. Qxb6 axb6 17. Nb5 Ra5 18. a4 Rha8 19. g4 Rxb5 20. gxf5 exf5
21. Ra3 Rb4 22. Rd3 Ke6 23. b3 Bh6 24. Rh3 Bf8 25. Rd1 Bc5 26. Rxh7 Rxb3 0-1

[Event "Mittelfr. EM 2017 - Nebenturnier"]
[Site "Uttenreuth"]
[Date "2017.04.12"]
[Round "1.5"]
[White "Schlötterer, Hermann"]
[Black "Weißmann, Peter"]
[Result "1-0"]
[WhiteElo "1877"]
[BlackElo "1737"]
[PlyCount "83"]
[EventDate "2017.??.??"]
[WhiteTeam "Spvg Zabo-Eintracht Nürnberg e.V"]
[BlackTeam "SK Zirndorf e.V."]

1. d4 Nf6 2. g3 d5 3. Bg2 Bf5 4. c4 e6 5. Nf3 Bb4+ 6. Bd2 Bxd2+ 7. Nbxd2 c6 8.
O-O Nbd7 9. Rc1 O-O 10. Re1 h6 11. h3 Ne4 12. Nf1 Ng5 13. Nxg5 Qxg5 14. Qb3 b6
15. cxd5 cxd5 16. Rc7 Nf6 17. f3 Ne8 18. Rc6 Qf6 19. Qc3 g5 20. Ne3 Qg7 21.
Nxf5 exf5 22. e4 dxe4 23. fxe4 fxe4 24. d5 Qxc3 25. bxc3 f5 26. g4 Nf6 27. gxf5
Nxd5 28. Bxe4 Rad8 29. Rxh6 Nf4 30. f6 Nd5 31. Rg6+ Kf7 32. Rxg5 Nxf6 33. Bc2
Rh8 34. Bb3+ Kf8 35. Re6 Rh6 36. Rf5 Kg7 37. Re7+ Kg6 38. Rf3 Rd2 39. Rxa7 Kh5
40. Bf7+ Kg5 41. Ra4 Rh7 42. h4+ 1-0

[Event "Mittelfr. EM 2017 - Nebenturnier"]
[Site "Uttenreuth"]
[Date "2017.04.12"]
[Round "1.6"]
[White "Münzenberg, Dietrich"]
[Black "Feldmann, Gerhard"]
[Result "1/2-1/2"]
[WhiteElo "1688"]
[BlackElo "1824"]
[PlyCount "44"]
[EventDate "2017.??.??"]
[WhiteTeam "Spvg Zabo-Eintracht Nürnberg e.V"]
[BlackTeam "SGem Eckental"]

1. d4 Nf6 2. Bg5 d5 3. Bxf6 exf6 4. g3 Bb4+ 5. c3 Ba5 6. Bg2 Bf5 7. Nd2 O-O 8.
Qb3 c6 9. Qxb7 Bb6 10. Qxa8 Qc7 11. Bxd5 Bc8 12. Nc4 cxd5 13. Qxd5 Bb7 14. Qd6
Qxc4 15. f3 Re8 16. Kf2 Ba6 17. Kg2 Bc7 18. Qc5 Rxe2+ 19. Nxe2 Qxe2+ 20. Kg1
Qe3+ 21. Kg2 Qe2+ 22. Kg1 Qe3+ 1/2-1/2

[Event "Mittelfr. EM 2017 - Nebenturnier"]
[Site "Uttenreuth"]
[Date "2017.04.12"]
[Round "1.7"]
[White "Rummel, Gerald"]
[Black "Dreiseitel, Werner"]
[Result "0-1"]
[WhiteElo "1772"]
[BlackElo "1597"]
[PlyCount "66"]
[EventDate "2017.??.??"]
[WhiteTeam "SC Anderssen Nürnberg 1929 e.V."]
[BlackTeam "SG Fürth"]

1. d4 d5 2. Bf4 Bf5 3. e3 e6 4. Nf3 Nf6 5. Nbd2 Bd6 6. Bg3 O-O 7. Ne5 c5 8. c3
Qb6 9. Qb3 Qxb3 10. axb3 Rd8 11. dxc5 Bxc5 12. Bd3 Bxd3 13. Nxd3 Bd6 14. Ke2
Nc6 15. Ra4 a6 16. Rha1 Bxg3 17. hxg3 Nd7 18. b4 Nb6 19. R4a3 Rac8 20. Nc5 Rc7
21. Ncb3 Ne5 22. Na5 Rdc8 23. Rb3 Kf8 24. b5 axb5 25. Rxb5 Nec4 26. Naxc4 Nxc4
27. Nxc4 dxc4 28. Ra7 Rb8 29. e4 Ke8 30. Ke3 Kd7 31. Kd4 f6 32. Rc5 e5+ 33.
Kxc4 b5+ 0-1

[Event "Mittelfr. EM 2017 - Nebenturnier"]
[Site "Uttenreuth"]
[Date "2017.04.12"]
[Round "1.8"]
[White "Walter, Gabriele"]
[Black "Diller, Andreas"]
[Result "0-1"]
[WhiteElo "1552"]
[BlackElo "1894"]
[PlyCount "102"]
[EventDate "2017.??.??"]
[WhiteTeam "SV Lauf a.d.P."]
[BlackTeam "SK Rothenburg e.V."]

1. c4 e6 2. g3 Nf6 3. Bg2 d5 4. Nf3 c6 5. b3 Bc5 6. O-O Nbd7 7. d4 Bb6 8. Nc3
O-O 9. Re1 Bc7 10. Qc2 dxc4 11. bxc4 Nb6 12. c5 Nbd5 13. Bb2 Re8 14. Nxd5 exd5
15. Nd2 h5 16. e4 h4 17. e5 Ng4 18. Nf3 hxg3 19. hxg3 Re6 20. Bc1 b6 21. Bh3
Rg6 22. Nh4 Nxe5 23. dxe5 Qxh4 24. Bxc8 Rxc8 25. Qf5 Qd8 26. e6 Rf6 27. exf7+
Rxf7 28. Qe6 Qd7 29. Qxd7 Rxd7 30. Re6 Bd8 31. Rd6 Rxd6 32. cxd6 Bf6 33. Rb1
Be5 34. Bf4 Bxf4 35. gxf4 Rd8 36. Re1 Rxd6 37. Re8+ Kf7 38. Ra8 d4 39. Rxa7+
Kf6 40. Kf1 c5 41. Ke2 g6 42. a4 Kf5 43. Rf7+ Ke4 44. f3+ Kd5 45. f5 gxf5 46.
Rxf5+ Kc4 47. Rf8 Kc3 48. Kd1 d3 49. Re8 Rh6 50. Re1 Rh4 51. Re3 Rh1+ 0-1

[Event "Mittelfr. EM 2017 - Nebenturnier"]
[Site "Uttenreuth"]
[Date "2017.04.12"]
[Round "1.10"]
[White "Hauck, Martin"]
[Black "Balhar, Michael"]
[Result "0-1"]
[WhiteElo "1488"]
[BlackElo "1791"]
[PlyCount "94"]
[EventDate "2017.??.??"]
[WhiteTeam "SC Noris-Tarrasch Nürnberg 1873"]
[BlackTeam "SC Erlangen 48/88"]

1. e4 c5 2. Nf3 e6 3. c4 b6 4. Nc3 Bb7 5. d4 cxd4 6. Qxd4 Qc7 7. Bd3 Nc6 8. Nb5
Qb8 9. Qc3 Bb4 10. Bd2 Bxc3 11. Bxc3 Nf6 12. O-O O-O 13. e5 Ne8 14. Ng5 g6 15.
Rfe1 a6 16. Na3 Ng7 17. Re4 Qd8 18. h4 Nf5 19. Nc2 Nxh4 20. Rg4 h6 21. Ne4 h5
22. Nf6+ Qxf6 23. exf6 hxg4 24. Kh2 Nf5 25. Rh1 Rac8 26. Ne3 g3+ 27. Kg1 gxf2+
28. Kxf2 Nxe3 29. Kxe3 d6 30. Rh6 Ne5 31. Kd2 Nxd3 32. Kxd3 Bxg2 33. Bb4 Rfd8
34. a4 Bf1+ 35. Kc3 Rxc4+ 36. Kb3 d5 37. Be7 Rdc8 38. Rh1 Bd3 39. Ka3 Bc2 40.
b3 Rc3 41. Rc1 Rxb3+ 42. Ka2 Rbc3 43. Bb4 Bb3+ 44. Kb2 Rxc1 45. Kxb3 Rb1+ 46.
Ka3 Rxb4 47. Kxb4 d4 0-1

[Event "Mittelfr. EM 2017 - Nebenturnier"]
[Site "Uttenreuth"]
[Date "2017.04.12"]
[Round "2.1"]
[White "Diller, Andreas"]
[Black "Luther, Helmut"]
[Result "0-1"]
[WhiteElo "1894"]
[BlackElo "2006"]
[PlyCount "38"]
[EventDate "2017.??.??"]
[WhiteTeam "SK Rothenburg e.V."]
[BlackTeam "SC Schwarz-Weiß Nürnberg Süd e.V"]

1. e4 d5 2. e5 Bf5 3. f4 e6 4. Nf3 c5 5. d4 Nc6 6. Nc3 a6 7. Na4 cxd4 8. Nxd4
Nxd4 9. Qxd4 Bxc2 10. Nb6 Rb8 11. Bd2 Ne7 12. b3 Nc6 13. Qf2 Be7 14. Rc1 Be4
15. Qe3 O-O 16. Bxa6 bxa6 17. Rxc6 Bxg2 18. Rg1 d4 19. Qg3 Bh4 0-1

[Event "Mittelfr. EM 2017 - Nebenturnier"]
[Site "Uttenreuth"]
[Date "2017.04.12"]
[Round "2.2"]
[White "Petrashov, Alexander"]
[Black "Balhar, Michael"]
[Result "1-0"]
[WhiteElo "1899"]
[BlackElo "1791"]
[PlyCount "63"]
[EventDate "2017.??.??"]
[WhiteTeam "SC Noris-Tarrasch Nürnberg 1873"]
[BlackTeam "SC Erlangen 48/88"]

1. d4 Nf6 2. c4 c5 3. e3 cxd4 4. exd4 d5 5. c5 g6 6. Nf3 Nc6 7. Nc3 Bg7 8. Bb5
O-O 9. O-O Qc7 10. Bg5 e6 11. Re1 Bd7 12. Qd2 Na5 13. Bf4 Qd8 14. Bd6 Re8 15.
Bxd7 Qxd7 16. Ne5 Qd8 17. Nb5 Ne4 18. Rxe4 dxe4 19. Bc7 Nc4 20. Nxc4 Qd5 21.
Rc1 Qc6 22. Qa5 a6 23. Nbd6 Re7 24. Bd8 Rd7 25. Bg5 Bxd4 26. Be3 Bxe3 27. fxe3
Rc7 28. Ne5 Qxd6 29. cxd6 Rxc1+ 30. Kf2 Rd1 31. Qc7 Rf8 32. Nd7 1-0

[Event "Mittelfr. EM 2017 - Nebenturnier"]
[Site "Uttenreuth"]
[Date "2017.04.12"]
[Round "2.3"]
[White "Müller, Lothar"]
[Black "Babichev, Vyacheslav"]
[Result "0-1"]
[WhiteElo "1857"]
[BlackElo "1863"]
[PlyCount "86"]
[EventDate "2017.??.??"]
[WhiteTeam "SK Neumarkt e.V."]
[BlackTeam "SC Schwarz-Weiß Nürnberg Süd e.V"]

1. e4 e5 2. Bc4 Bc5 3. b4 Bxb4 4. c3 Be7 5. Qb3 Nh6 6. Nf3 Nc6 7. Be2 d6 8. d4
Ng4 9. d5 Nb8 10. O-O O-O 11. h3 Nf6 12. Bd3 Nbd7 13. Be3 b6 14. Nbd2 Nh5 15.
Bb5 Nb8 16. a4 a6 17. Bc4 Nf4 18. Bxf4 exf4 19. e5 Nd7 20. exd6 Bxd6 21. Ne4
Nc5 22. Nxc5 Bxc5 23. Rfe1 Qf6 24. Re2 Bb7 25. Rae1 Bd6 26. Nd4 Rad8 27. Nf3
Rd7 28. Ne5 Re7 29. Ng4 Qg5 30. Rxe7 Bxe7 31. Re5 Qh4 32. Qd1 Bd6 33. Rh5 Qe7
34. Bd3 g6 35. Rh6 Kg7 36. c4 Bc8 37. Qa1+ f6 38. Rh4 Be5 39. Qe1 Re8 40. Qb1
f5 41. Rh6 fxg4 42. Bxg6 Kxh6 43. Bxh7 Qxh7 0-1

[Event "Mittelfr. EM 2017 - Nebenturnier"]
[Site "Uttenreuth"]
[Date "2017.04.12"]
[Round "2.4"]
[White "Walter, Manfred"]
[Black "Schlötterer, Hermann"]
[Result "0-1"]
[WhiteElo "1800"]
[BlackElo "1877"]
[PlyCount "104"]
[EventDate "2017.??.??"]
[WhiteTeam "SV Lauf a.d.P."]
[BlackTeam "Spvg Zabo-Eintracht Nürnberg e.V"]

1. f4 e5 2. e4 Nc6 3. Nf3 d6 4. Bc4 Be6 5. Bxe6 fxe6 6. O-O Nf6 7. d3 Qd7 8.
fxe5 dxe5 9. Be3 Ng4 10. Qd2 Bb4 11. c3 Ba5 12. Bc5 Bb6 13. Bxb6 axb6 14. Qg5
Nf6 15. Nxe5 Nxe5 16. Qxe5 Ra5 17. Qg3 Nh5 18. Qf3 g6 19. Nd2 Qe7 20. Nc4 Rg5
21. d4 Ng7 22. Ne5 Rh5 23. Qf7+ Qxf7 24. Nxf7 Rf8 25. Ne5 Rh4 26. Rxf8+ Kxf8
27. Rf1+ Ke8 28. g4 Kd8 29. Kg2 g5 30. Kg3 h5 31. h3 hxg4 32. Rf8+ Ne8 33. Nxg4
Ke7 34. Rf2 Ng7 35. Rh2 Nh5+ 36. Kf3 Nf4 37. Nf2 Kd6 38. c4 e5 39. d5 Kc5 40.
b3 Kd4 41. Ng4 Nd3 42. Ne3 Rf4+ 43. Ke2 Rxe4 44. Kd2 Rxe3 45. h4 gxh4 46. Rxh4+
Nf4 47. Rh7 Re2+ 48. Kd1 Kd3 49. Rxc7 Rxa2 50. Kc1 Ne2+ 51. Kb1 Nc3+ 52. Kc1
Rc2# 0-1

[Event "Mittelfr. EM 2017 - Nebenturnier"]
[Site "Uttenreuth"]
[Date "2017.04.12"]
[Round "2.5"]
[White "Dreiseitel, Werner"]
[Black "Münzenberg, Dietrich"]
[Result "1/2-1/2"]
[WhiteElo "1597"]
[BlackElo "1688"]
[PlyCount "82"]
[EventDate "2017.??.??"]
[WhiteTeam "SG Fürth"]
[BlackTeam "Spvg Zabo-Eintracht Nürnberg e.V"]

1. d4 f5 2. c4 Nf6 3. Nc3 d5 4. Bf4 e6 5. Nf3 Nc6 6. a3 a6 7. e3 Bd6 8. Bg3 O-O
9. Bd3 Ne4 10. Bxd6 Qxd6 11. O-O Qe7 12. Rc1 Qf6 13. cxd5 Nxc3 14. Rxc3 exd5
15. Qb3 Qd6 16. Qc2 g6 17. b4 Rf7 18. Qb3 b5 19. Rfc1 Bb7 20. Qb1 Rf6 21. Rc5
Rc8 22. Qa2 Ne7 23. Ne5 c6 24. Qd2 g5 25. Qc2 h6 26. h3 Kh8 27. a4 Rff8 28. Qa2
Qe6 29. axb5 cxb5 30. Qa5 Rxc5 31. Rxc5 Rc8 32. Rc7 Ba8 33. Rc5 Bb7 34. Rc7 Ba8
35. Rc5 Kg7 36. Qa3 Kf6 37. Qc1 Bc6 38. Qa1 Bb7 39. Qc1 Bc6 40. Qa1 Be8 41. Qc1
Bc6 1/2-1/2

[Event "Mittelfr. EM 2017 - Nebenturnier"]
[Site "Uttenreuth"]
[Date "2017.04.12"]
[Round "2.6"]
[White "Feldmann, Gerhard"]
[Black "Holl, Manfred"]
[Result "1-0"]
[WhiteElo "1824"]
[BlackElo "2109"]
[PlyCount "79"]
[EventDate "2017.??.??"]
[WhiteTeam "SGem Eckental"]
[BlackTeam "SGem Eckental"]

1. c4 c5 2. Nf3 Nc6 3. Nc3 Nf6 4. g3 e6 5. Bg2 Be7 6. O-O O-O 7. d4 cxd4 8.
Nxd4 a6 9. b3 Qc7 10. Bb2 b6 11. Nxc6 dxc6 12. Qc2 Bb7 13. Ne4 Nxe4 14. Bxe4 h6
15. Rad1 c5 16. Rd2 Rfd8 17. Rfd1 Rxd2 18. Rxd2 Rd8 19. Bc3 Rxd2 20. Bxd2 Qd7
21. Bc3 Bc6 22. Bh7+ Kh8 23. Bd3 Qb7 24. Qd2 Kg8 25. Qb2 Bf8 26. Qc2 Be7 27.
Qb2 Bf8 28. Qd2 Be4 29. Qe3 Bxd3 30. exd3 b5 31. Qf4 Be7 32. Qg4 Bf8 33. Qe2
Qc6 34. d4 cxd4 35. Bxd4 bxc4 36. Qxc4 Qe4 37. a4 e5 38. Be3 Qxc4 39. bxc4 Bd6
40. Bb6 1-0

[Event "Mittelfr. EM 2017 - Nebenturnier"]
[Site "Uttenreuth"]
[Date "2017.04.12"]
[Round "2.7"]
[White "Weißmann, Peter"]
[Black "Rummel, Gerald"]
[Result "1-0"]
[WhiteElo "1737"]
[BlackElo "1772"]
[PlyCount "151"]
[EventDate "2017.??.??"]
[WhiteTeam "SK Zirndorf e.V."]
[BlackTeam "SC Anderssen Nürnberg 1929 e.V."]

1. e4 c5 2. Nf3 Nc6 3. d4 cxd4 4. Nxd4 e6 5. Be2 Qc7 6. O-O a6 7. c4 Nf6 8. Bf3
Ne5 9. b3 Nxf3+ 10. Qxf3 Qe5 11. Nc2 Bd6 12. g3 Nxe4 13. Re1 f5 14. Nd2 Nxd2
15. Bxd2 Qf6 16. Bc3 Qg6 17. Rad1 Bc7 18. Bb4 Rb8 19. Ne3 b5 20. Nd5 Bd8 21.
Bd6 Rb7 22. c5 Qg4 23. Qg2 Ba5 24. h3 Qg6 25. b4 Bd8 26. Nf4 Qf7 27. Nd5 g5 28.
Ne3 f4 29. c6 dxc6 30. Qxc6+ Qd7 31. Qc3 Rg8 32. Be5 fxe3 33. Rxd7 exf2+ 34.
Kxf2 Bxd7 35. Bd6 Rb6 36. Bc5 Rc6 37. Qe5 Bc7 38. Qf6 Bd8 39. Qe5 Kf7 40. Rd1
Bc8 41. Qe4 Rxc5 42. Qxh7+ Rg7 43. Qh5+ Ke7 44. bxc5 Bc7 45. c6 e5 46. Qh6 Rf7+
47. Ke2 g4 48. Qh4+ Ke8 49. hxg4 Be6 50. Qh8+ Ke7 51. Qh4+ Ke8 52. Qh8+ Ke7 53.
Rd7+ Bxd7 54. cxd7 Kxd7 55. g5 Bb6 56. Qh3+ Ke7 57. g6 Rg7 58. Qh4+ Ke6 59. Qe4
Bd4 60. g4 b4 61. Qc6+ Ke7 62. g5 Kf8 63. Qc8+ Ke7 64. Qxa6 Bc3 65. Kd3 Kf8 66.
Qc8+ Ke7 67. Qc5+ Ke6 68. Qc6+ Kf5 69. Qf6+ Kg4 70. Ke4 Rc7 71. g7 Rc4+ 72. Kd5
Rd4+ 73. Kc5 Rf4 74. Qe6+ Kxg5 75. g8=Q+ Kh4 76. Qh6# 1-0

[Event "Mittelfr. EM 2017 - Nebenturnier"]
[Site "Uttenreuth"]
[Date "2017.04.12"]
[Round "2.8"]
[White "Grasser, Stefan"]
[Black "Walter, Gabriele"]
[Result "1/2-1/2"]
[WhiteElo "1755"]
[BlackElo "1552"]
[PlyCount "65"]
[EventDate "2017.??.??"]
[WhiteTeam "Spvg Zabo-Eintracht Nürnberg e.V"]
[BlackTeam "SV Lauf a.d.P."]

1. c4 c5 2. Nc3 Nc6 3. g3 g6 4. Bg2 Bg7 5. d3 Nf6 6. e3 O-O 7. Nge2 e6 8. O-O
d5 9. cxd5 exd5 10. d4 b6 11. Rb1 Bf5 12. Ra1 Nb4 13. Bd2 Bc2 14. Qc1 Bd3 15.
a3 Nc6 16. Re1 Na5 17. Qd1 Ne4 18. Nxe4 Bxe4 19. Bxa5 bxa5 20. Bxe4 dxe4 21.
Rb1 cxd4 22. Nxd4 Qb6 23. Re2 Rad8 24. Rd2 Rd7 25. b4 Rfd8 26. Qc2 Bxd4 27.
exd4 Rxd4 28. Rxd4 Qxd4 29. bxa5 e3 30. Qb2 Qxb2 31. Rxb2 exf2+ 32. Kxf2 Kg7
33. a4 1/2-1/2

[Event "Mittelfr. EM 2017 - Nebenturnier"]
[Site "Uttenreuth"]
[Date "2017.04.12"]
[Round "2.9"]
[White "Huber, Dominik"]
[Black "Diebel, Günter"]
[Result "0-1"]
[WhiteElo "1259"]
[BlackElo "1874"]
[PlyCount "71"]
[EventDate "2017.??.??"]
[WhiteTeam "SC Noris-Tarrasch Nürnberg 1873"]
[BlackTeam "SC Schwarz-Weiß Nürnberg Süd e.V"]

1. d4 g6 2. Nf3 Bg7 3. e4 d6 4. Bc4 h6 5. O-O Bg4 6. c3 e6 7. h3 Bxf3 8. Qxf3
Nd7 9. Bf4 Ne7 10. Bb3 g5 11. Bh2 Ng6 12. Nd2 Nh4 13. Qd3 h5 14. f3 Bh6 15. e5
d5 16. c4 c6 17. cxd5 cxd5 18. Kh1 g4 19. fxg4 hxg4 20. Bf4 gxh3 21. gxh3 Nf5
22. Bxd5 Qh4 23. Bxh6 Rxh6 24. Bg2 Qxd4 25. Qxd4 Nxd4 26. Rf4 Nf5 27. b3 O-O-O
28. Rc1+ Kb8 29. Nc4 Ng3+ 30. Kh2 Ne2 31. Nd6 Nxf4 32. Nxf7 Rg8 33. Nxh6 Rxg2+
34. Kh1 Nxe5 35. Rf1 Ned3 36. Rf3 0-1

[Event "Mittelfr. EM 2017 - Nebenturnier"]
[Site "Uttenreuth"]
[Date "2017.04.12"]
[Round "2.10"]
[White "Hauck, Martin"]
[Black "Friedrich, Michael"]
[Result "0-1"]
[WhiteElo "1488"]
[BlackElo "1541"]
[PlyCount "86"]
[EventDate "2017.??.??"]
[WhiteTeam "SC Noris-Tarrasch Nürnberg 1873"]
[BlackTeam "SC Erlangen 48/88"]

1. e4 e5 2. Nf3 Nc6 3. Bc4 Nf6 4. d3 d6 5. h3 Na5 6. Nbd2 Nxc4 7. Nxc4 Be7 8.
Ne3 O-O 9. c4 Be6 10. Qc2 Nh5 11. g3 f5 12. Nh2 fxe4 13. Nhg4 Qd7 14. Ng2 Bxg4
15. hxg4 Qxg4 16. dxe4 Nf6 17. Ne3 Qxe4 18. Rh4 Qxc2 19. Nxc2 Nd7 20. Rg4 h5
21. Re4 Nc5 22. Re3 Bg5 23. Ra3 Bxc1 24. Rxc1 Ne4 25. Ke2 Nxf2 26. Rf1 Ng4 27.
Rxf8+ Kxf8 28. Ne1 Ke7 29. Kf3 a6 30. Nd3 Rf8+ 31. Ke2 g5 32. c5 d5 33. c6 e4
34. cxb7 exd3+ 35. Kd2 Ne5 36. b3 d4 37. Ra5 Rf2+ 38. Kd1 Nf3 39. Re5+ Kd7 40.
Kc1 d2+ 41. Kb2 d1=Q+ 42. Ka3 Qc1+ 43. Kb4 Nxe5 0-1

[Event "Mittelfr. EM 2017 - Nebenturnier"]
[Site "Uttenreuth"]
[Date "2017.04.13"]
[Round "3.1"]
[White "Luther, Helmut"]
[Black "Schlötterer, Hermann"]
[Result "1/2-1/2"]
[WhiteElo "2006"]
[BlackElo "1877"]
[PlyCount "77"]
[EventDate "2017.??.??"]
[WhiteTeam "SC Schwarz-Weiß Nürnberg Süd e.V"]
[BlackTeam "Spvg Zabo-Eintracht Nürnberg e.V"]

1. d4 c5 2. e3 g6 3. g3 Bg7 4. Bg2 d6 5. Nf3 Nf6 6. O-O Nbd7 7. b3 O-O 8. Bb2
Rb8 9. c4 b5 10. dxc5 bxc4 11. cxd6 exd6 12. Qxd6 Ne4 13. Qa3 c3 14. Nxc3 Nxc3
15. Bxc3 Bxc3 16. Rac1 Qa5 17. Qxa5 Bxa5 18. Rfd1 Nf6 19. Nd4 Bd7 20. Nc6 Bxc6
21. Rxc6 Kg7 22. Rdd6 Ng4 23. Rd5 Bb6 24. h3 Nh6 25. a4 Rbd8 26. b4 Rxd5 27.
Bxd5 Rd8 28. Bf3 Rd2 29. a5 Bd8 30. Ra6 Rb2 31. Rxa7 Rxb4 32. a6 Rb1+ 33. Kg2
Ra1 34. Rd7 Bb6 35. Be2 Ra4 36. Rb7 Bc5 37. Rc7 Bb6 38. Rb7 Bc5 39. Rc7 1/2-1/2

[Event "Mittelfr. EM 2017 - Nebenturnier"]
[Site "Uttenreuth"]
[Date "2017.04.13"]
[Round "3.2"]
[White "Babichev, Vyacheslav"]
[Black "Petrashov, Alexander"]
[Result "0-1"]
[WhiteElo "1863"]
[BlackElo "1899"]
[PlyCount "92"]
[EventDate "2017.??.??"]
[WhiteTeam "SC Schwarz-Weiß Nürnberg Süd e.V"]
[BlackTeam "SC Noris-Tarrasch Nürnberg 1873"]

1. e4 e6 2. d4 d5 3. Nd2 Nf6 4. e5 Nfd7 5. Ngf3 c5 6. c3 Nc6 7. Nb3 b6 8. Be2
Be7 9. O-O Qc7 10. Ng5 h6 11. Nh3 Bb7 12. f4 g6 13. Be3 O-O-O 14. a4 Rdg8 15.
dxc5 bxc5 16. Qd2 Nd8 17. a5 a6 18. Bf3 g5 19. c4 g4 20. cxd5 gxf3 21. d6 Rxg2+
22. Qxg2 fxg2 23. dxc7 gxf1=Q+ 24. Kxf1 Kxc7 25. Ke2 Bd5 26. Nd2 Nc6 27. Rc1
Nxa5 28. b4 Nb3 29. Nxb3 Bxb3 30. bxc5 Kc6 31. Rc3 Bd5 32. Nf2 h5 33. Nd3 Rb8
34. Ra3 Bc4 35. Kf3 Nxc5 36. Nf2 Rb3 37. Ra1 Nd3 38. Ne4 Ra3 39. Rxa3 Bxa3 40.
Nd2 Bd5+ 41. Ke2 Nc1+ 42. Kf2 Bc5 43. Bxc5 Kxc5 44. Kg3 Nb3 45. Nb1 Kb4 46. Kh4
Be4 0-1

[Event "Mittelfr. EM 2017 - Nebenturnier"]
[Site "Uttenreuth"]
[Date "2017.04.13"]
[Round "3.3"]
[White "Balhar, Michael"]
[Black "Feldmann, Gerhard"]
[Result "0-1"]
[WhiteElo "1791"]
[BlackElo "1824"]
[PlyCount "104"]
[EventDate "2017.??.??"]
[WhiteTeam "SC Erlangen 48/88"]
[BlackTeam "SGem Eckental"]

1. e4 c5 2. Nf3 Nc6 3. Bb5 e6 4. O-O Nge7 5. c3 a6 6. Bd3 Ng6 7. Bc2 c4 8. b3
b5 9. Qe2 Nce5 10. Nxe5 Nxe5 11. f4 Bc5+ 12. Kh1 cxb3 13. Bxb3 Nc6 14. d4 Be7
15. d5 Na5 16. dxe6 dxe6 17. Bc2 Bb7 18. Nd2 Rc8 19. Bb2 Bf6 20. e5 Be7 21.
Rad1 Qc7 22. f5 Bd5 23. fxe6 Bxe6 24. Bf5 Qb6 25. Qg4 O-O 26. Ne4 Bxf5 27. Rxf5
Rc6 28. Rd7 Rg6 29. Qf3 Qe6 30. Rc7 Nc4 31. Bc1 Nxe5 32. Qf1 Ng4 33. Nc5 Bxc5
34. Rcxc5 Ne3 35. Bxe3 Qxe3 36. Rfe5 Qd2 37. Re2 Qd6 38. Rf5 Rh6 39. h3 Qc6 40.
Re3 Re6 41. Rg3 Qc7 42. Rgf3 Qe7 43. Qf2 Re1+ 44. Kh2 Re2 45. Qb6 Rxa2 46. Rxf7
Rxf7 47. Rxf7 Kxf7 48. Qd4 Qc7+ 49. Kg1 Ra1+ 50. Kf2 Qe7 51. Qd5+ Qe6 52. Qb7+
Kg6 0-1

[Event "Mittelfr. EM 2017 - Nebenturnier"]
[Site "Uttenreuth"]
[Date "2017.04.13"]
[Round "3.4"]
[White "Münzenberg, Dietrich"]
[Black "Müller, Lothar"]
[Result "1/2-1/2"]
[WhiteElo "1688"]
[BlackElo "1857"]
[PlyCount "57"]
[EventDate "2017.??.??"]
[WhiteTeam "Spvg Zabo-Eintracht Nürnberg e.V"]
[BlackTeam "SK Neumarkt e.V."]

1. d4 c5 2. dxc5 Nc6 3. Nf3 e5 4. Nc3 Bxc5 5. Ne4 Be7 6. Nd6+ Bxd6 7. Qxd6 Qe7
8. Qd1 Nf6 9. c3 b6 10. Bg5 h6 11. Bh4 O-O 12. Bxf6 Qxf6 13. e4 Rd8 14. Qd5 Bb7
15. Bb5 Rab8 16. O-O Nd4 17. cxd4 Bxd5 18. dxe5 Qe7 19. exd5 Qc5 20. a4 Qxd5
21. Rfd1 Qe6 22. Rd6 Qe7 23. Rad1 Rbc8 24. h3 Rc7 25. b3 Kf8 26. R1d4 Ke8 27.
Rg4 f6 28. Re4 Kf8 29. Nd4 1/2-1/2

[Event "Mittelfr. EM 2017 - Nebenturnier"]
[Site "Uttenreuth"]
[Date "2017.04.13"]
[Round "3.5"]
[White "Friedrich, Michael"]
[Black "Diller, Andreas"]
[Result "1-0"]
[WhiteElo "1541"]
[BlackElo "1894"]
[PlyCount "59"]
[EventDate "2017.??.??"]
[WhiteTeam "SC Erlangen 48/88"]
[BlackTeam "SK Rothenburg e.V."]

1. e4 e6 2. d4 d5 3. e5 c5 4. c3 Nc6 5. Nf3 Nge7 6. Nbd2 Ng6 7. h4 cxd4 8. Bb5
dxc3 9. bxc3 Bd7 10. Bxc6 Bxc6 11. Nb3 b6 12. h5 Ne7 13. Nbd4 Qc7 14. Bf4 a6
15. Rc1 Qd7 16. Ng5 Nf5 17. Nxc6 Qxc6 18. g4 Nh6 19. f3 Ba3 20. Rc2 O-O-O 21.
Qd3 Kb7 22. Nxh7 Rc8 23. Ng5 d4 24. Ne4 Rhd8 25. Bd2 Rd5 26. c4 Rxe5 27. Qxd4
Nxg4 28. Kd1 Bc5 29. Nxc5+ Qxc5 30. Qxc5 1-0